Beliefs | 0 | 5 | 1 | 2 | 45 | 125 | 141.40 | 0 | 0 |
Fine Arts - Classical Music and Opera | 0 | 1 | 1 | 1 | 5 | 171 | 171.00 | 0 | 0 |
Fine Arts - Other Fine Arts | 0 | 0 | 1 | 0 | -5 | | | 0 | 0 |
Fine Arts - Visual Fine Arts | 0 | 1 | 0 | 0 | 10 | 153 | 153.00 | 0 | 0 |
Geography | 0 | 1 | 1 | 0 | 5 | 79 | 79.00 | 1 | 1 |
History - European History | 1 | 2 | 2 | 0 | 25 | 34 | 90.00 | 0 | 3 |
History - Other History | 2 | 4 | 1 | 0 | 65 | 66 | 93.00 | 1 | 3 |
History - US History | 0 | 1 | 2 | 0 | 0 | 127 | 127.00 | 0 | 0 |
History - World History | 0 | 5 | 2 | 1 | 40 | 100 | 120.80 | 0 | 0 |
Literature - American Literature | 1 | 1 | 0 | 0 | 25 | 33 | 76.00 | 1 | 1 |
Literature - British Literature | 0 | 1 | 1 | 0 | 5 | 148 | 148.00 | 0 | 0 |
Literature - European Literature | 0 | 2 | 1 | 0 | 15 | 111 | 124.50 | 1 | 2 |
Literature - World Literature | 0 | 0 | 2 | 0 | -10 | | | 0 | 0 |
Modern World | 0 | 2 | 0 | 1 | 20 | 102 | 123.00 | 0 | 0 |
Other Academic | 0 | 3 | 0 | 1 | 30 | 96 | 123.67 | 0 | 0 |
Philosophy | 0 | 2 | 0 | 0 | 20 | 110 | 114.00 | 0 | 0 |
Science - Biology | 0 | 2 | 1 | 1 | 15 | 114 | 119.00 | 0 | 0 |
Science - Chemistry | 0 | 0 | 1 | 0 | -5 | | | 0 | 0 |
Science - Other Science | 0 | 2 | 0 | 0 | 20 | 90 | 110.00 | 0 | 0 |
Science - Physics | 0 | 0 | 2 | 0 | -10 | | | 0 | 0 |
Social Science | 0 | 4 | 0 | 2 | 40 | 75 | 126.25 | 0 | 1 |